01261nam a22003377a 4500003000500000005001700005008004100022010001000063011001000073035001000083040000900093090001000102100004400112245004400156260004000200300002000240502011200260590003700372590004100409590004100450590004100491590004100532590004100573590004200614650006400656901000700720942001000727949004200737999001700779952012700796CHAP20220329134006.0971013s1994 r 00010 d a13721 a14693 a18767 cCHAP aTesis00aRodríguez González, Gonzalo.998542 aDiseño funcional de un taller móvil aChapingo, Méx. :bEl autor,c1994 a147 h.b: ilus. aTesis (Ing. Agr. Esp. en Mecánica Agrícola) -- UACH. Departamento de Ingeniería Mecánica Agrícola aALEPHb10c20130110lUCH01h1233 aBATCH-UPDb10c20130110lUCH01h0051 aBATCH-UPDb10c20130110lUCH01h2330 aBATCH-UPDb10c20130409lUCH01h2039 aBATCH-UPDb10c20130410lUCH01h1620 aBATCH-UPDb10c20130914lUCH01h1757 aCONVERSIONb10c20130109lUCH01h130914aMaquinaria agrícolaxMantenimiento y reparación.971182 aBK cTESIS bBCcTESd-43645eTS1h30178i18767si c13721d13721 00102local4051708TESISaBCbBCcPA_TESISd2019-12-31fTESISl0oTesisp-43645r2019-12-31 00:00:00w2019-12-31yTESIS